000 00302nam a22001337a 4500
008 170908b xxu||||| |||| 00| 0 eng d
020 _a9780736277563
041 _aeng
080 _a91
100 _a42
101 _aGEO
245 _aLIFR SCIENCE NATIONAL GEOGRAPHUC
_cBELL.R
942 _2udc
_cBK
999 _c26853
_d26853